| 000 | 00376nam a2200145Ia 4500 | ||
|---|---|---|---|
| 008 | 240729s9999 xx 000 0 und d | ||
| 022 | _a2631-5602 | ||
| 245 | 0 | _aUbiquity Proceedings | |
| 260 | _aUnited Kingdom | ||
| 260 | _bUbiquity Press | ||
| 650 | _aGeneral Works | ||
| 856 | _uhttps://doaj.org/toc/2a8b288a423149a897ab9c75d2be406d | ||
| 942 | _2ddc | ||
| 942 | _cDOAJEJ | ||
| 999 |
_c68954 _d68954 |
||
| 945 |
_a1 _bMadushi Gamage _c1 _dMadushi Gamage |
||